Príprava a štúdium fyzikálno-chemických vlastností a biologickej aktivity karboxylátomeďnatých komplexov dizertačná práca

Salvato in:
Dettagli Bibliografici
Autore principale: Bertová, Petra
Natura: Libro
Lingua:slovacco
Pubblicazione: Bratislava STU FCHPT 2015
Accesso online:Visualizza in OPAC
Tags: Aggiungi Tag
Nessun Tag, puoi essere il primo ad aggiungerne!!

MARC

LEADER 00000nam a2200000 a 4500
005 20260127134308.0
008 160304 2015 000 0 slo d
035 |a vtls011532702 
039 9 |y 201603041006  |z mschk02 
040 |a STUSCHK1  |b slo  |c STUSCHK1  |e AACR2 
100 1 |a Bertová, Petra 
245 1 |a Príprava a štúdium fyzikálno-chemických vlastností a biologickej aktivity karboxylátomeďnatých komplexov  |b dizertačná práca  |c Petra Bertová 
260 |a Bratislava  |b STU FCHPT  |c 2015 
300 |a 92 s.  |b il.  |c 24 cm 
500 |a Školiace pracovisko: Odd. anorganickej chémie 
910 |a SCHK95 
999 |c 9064  |d 9064